An Apache campaign in the Sierra Madre. : An account of the expedition in pursuit of the hostile Chiricahua Apaches in the spring of 1883 /

Bibliographic Details
Main Author: Bourke, John Gregory, 1846-1896
Format: Book
Language:English
Published: New York : C. Scribner's sons, 1886.
Subjects:

MARC

Tag First Indicator Second Indicator Subfields
LEADER 00000cam a2200000 4500
001 in00000238607
005 20151010050838.0
008 790716r19721886miua 00010 eng d
035 |a (OCoLC)05174508 
035 |9 ABB2590AM 
040 |a TXA  |c TXA  |d UtOrBLW 
049 |a TXAM  |c [955600] 
090 |a E83.88  |b .B76 1886a 
100 1 |a Bourke, John Gregory,  |d 1846-1896. 
245 1 3 |a An Apache campaign in the Sierra Madre. :  |b An account of the expedition in pursuit of the hostile Chiricahua Apaches in the spring of 1883 /  |c By John G. Bourke. 
264 1 |a New York :  |b C. Scribner's sons,  |c 1886. 
300 |a iv pages, 1 ., 112 pages :  |b illustrations 
336 |a text  |b txt  |2 rdacontent 
337 |a unmediated  |b n  |2 rdamedia 
338 |a volume  |b nc  |2 rdacarrier 
500 |a Originally published in serial form in the Outing magazine of Boston. 
500 |a Photocopy. Ann Arbor, Michigan, University Microfilms, 1972. 
650 0 |a Apache Indians  |x Wars, 1883-1886. 
999 |a MARS 
999 f f |s d37d28b6-cdd4-343b-b43c-a3813c31d1aa  |i b37f8438-cba9-3056-b47f-a2440642339d  |t 0 
952 f f |p ric  |a Texas A&M University  |b Rellis Campus  |c Joint Library Facility  |d Remote Storage  |t 0  |e E83.88 .B76 1886a  |h Library of Congress classification  |i unmediated -- volume  |m A14802133026 
998 f f |a E83.88 .B76 1886a  |t 0  |l Remote Storage